| 000 | 01270cab a22002535a 4500 | ||
|---|---|---|---|
| 001 | L158093 | ||
| 008 | 140513e2013 xxk 000 0 eng d | ||
| 035 | _a(Sirsi) u158093 | ||
| 041 | 0 | _aeng | |
| 100 | 1 | _aGilbert, D | |
| 245 | 0 | 0 | _aDiminution valuations for building surveyors |
| 260 | _c2013 | ||
| 490 |
_aJournal of Building Survey, Appraisal & Valuation _v2(2) Summer 2013. 99-105(8) |
||
| 520 | _aAdvises building surveyors on how to assist valuers carrying out diminitution valuations under the Landlord and Tenant Act 1927 S18(1). Refers to relevant case law including "Ruxley Electronics Ltd v Forsyth" [1995] UKHL 8 which considered damages for diminution in value; "Sunlife Europe Properties Ltd v Tiger Aspect Holdings and Tiger Televison Ltd" [2013] EWHC 463 (TCC) and "Ravensgage Estates v Horizon Housing Group Ltd" [2007] EWCA Civ 1368 setting out the role of the valuer. | ||
| 590 | _aKA | ||
| 650 | 2 | 4 | _aLANDLORD AND TENANT ACT 1927 S18(1) |
| 650 | 2 | 4 | _aRUXLEY ELECTRONICS AND CONSTRUCTION LTD V FORSYTH |
| 650 | 2 | 4 | _aSUNLIFE ASSURANCE PLC V RACAL TRACS LTD |
| 650 | 2 | 4 | _aRAVENSGAGE ESTATES V HORIXON HOUSING GROUP |
| 651 | 4 |
_aEngland and Wales _y1543- |
|
| 690 |
_aValuation _96273 |
||
| 690 |
_aBuilding surveying _96225 |
||
| 942 | _n0 | ||
| 999 |
_c84515 _d84515 |
||